movie character professions 2 - Statistics

General Stats
  • This quiz has been taken 16 times
  • The average score is 8 of 15
Answer Stats
movie character actor profession % Correct
The Exorcist Damien Karras Jason Miller Priest
93%
Raiders of the Lost Ark Indiana Jones Harrison Ford Professor
87%
Patton George S. Patton George C. Scott General
73%
My Cousin Vinny Vinny Gambini Joe Pesci Lawyer
73%
Fargo Marge Gunderson Frances McDormand Police Chief
73%
Pretty Woman Vivian Ward Julia Roberts Streetwalker
67%
The Wolf of Wall Street Leonardo DiCaprio Jordan Belfort Stockbroker
53%
Monsters, Inc. James P. Sullivan John Goodman Scarer
47%
The Shining Jack Torrance Jack Nicholson Writer
47%
Field of Dreams Ray Kinsella Kevin Costner Farmer
40%
Uncut Gems Howard Ratner Adam Sandler Jeweler
40%
The Silence of the Lambs Hannibal Lecter Anthony Hopkins Psychiatrist
40%
Roman Holiday Joe Bradley Gregory Peck Reporter
40%
Mr. Smith Goes to Washington Jefferson Smith Jimmy Stewart Senator
33%
A Streetcar Named Desire Blanche DuBois Vivien Leigh Teacher
20%
No matching quizzes found
Score Distribution
Percent of People with Each Score
Percentile by Number Answered
Your Score History
You have not taken this quiz